| 000 | 02177nam0a2200433 4500 | ||
|---|---|---|---|
| 001 | RU\NLR\bibl\1744655 | ||
| 005 | 20250616114039.0 | ||
| 010 |
_a978-5-9900138-7-2 _9100 |
||
| 021 |
_aRU _b2011-8665 _9614 |
||
| 035 | _a(nilc)LIBNET\0000139490 | ||
| 035 | _aRUM0072909 | ||
| 035 | _a(NLR Aleph) 001735556 | ||
| 090 |
_a1426749 _c1426749 |
||
| 100 | _a20110323d2011 |||y0rusy50 ca | ||
| 101 | 0 | _arus | |
| 102 | _aRU | ||
| 105 | _aa ||||||||| | ||
| 200 | 1 |
_aМетоды оценки неоднородности почвенного покрова при планировании и проведении полевых опытов _fС.Е. Витковская _gРос. акад. с.-х. наук, Гос. науч. учреждение Агрофиз. НИИ Рос. акад. с.-х. наук (ГНУ АФИ Россельхозакадемии) |
|
| 210 |
_aСанкт-Петербург _cАФИ _d2011 |
||
| 215 |
_a51 с. _cцв. ил. _d21 |
||
| 300 | _aНа обороте тит. л. авт.: С.Е. Витковская, д.б.н. | ||
| 320 | _aБиблиогр.: с. 41-44 (34 назв.) | ||
| 606 | 1 |
_aПочвенный покров _xСтруктура _xНеоднородность _xОценка _xМетоды _xПолевые опыты _92627380 _3RU\NLR\auth\661563940 |
|
| 606 | 1 |
_aПочвы _xИсследование _xПолевые методы _91914738 _3RU\NLR\auth\66873020 |
|
| 610 | 0 |
_aпочвенный покров _aагрохимические показатели _aоднородность _aметоды оценки _aполевые опыты _aс-х культуры _aурожайность _aпланирование |
|
| 675 |
_a631.421 _v4 |
||
| 686 |
_a68.29.01.77 _2rugasnti |
||
| 686 | _aП032.23 | ||
| 686 | _aП035с1 | ||
| 700 | 1 |
_aВитковская _bС. Е. _gСветлана Евгеньевна _4070 |
|
| 801 | 0 |
_aRU _bЦНСХБ РАСХН _c20110323 _gRCR |
|
| 801 | 1 |
_aRU _bЦНСХБ РАСХН _c20110323 _gRCR |
|
| 801 | 2 |
_aRU _bЦНСХБ РАСХН _c20110616 |
|
| 801 | 2 |
_aRU _bNLR _c20110310 _grcr |
|
| 830 | _aАвт. по ЭК. | ||
| 942 | _cBOOK | ||
| 980 | _aNB | ||
| 980 | _aNBR | ||